Religijňij faktor u miždunarodňich vidnosinach
Úloha náboženského faktora v medzinárodných vzťahoch. Charakteristiky vplyvu cirkvi a náboženstva na politiku a vzťahy krajín v rôznych častiach sveta. Návrat náboženstva ku globálnej politike. Moslimský faktor v medzinárodných vzťahoch a ďalšie.
Guardado en:
| Autor principal: | |
|---|---|
| Otros Autores: | , |
| Formato: | Capítulo de libro |
| Lenguaje: | ucraniano |
| Materias: | |
| Etiquetas: |
Sin Etiquetas, Sea el primero en etiquetar este registro!
|
MARC
| LEADER | 00000naa a2200000 4500 | ||
|---|---|---|---|
| 001 | 0261117 | ||
| 005 | 20240502083747.7 | ||
| 041 | 0 | |a ukr | |
| 044 | |a UA | ||
| 245 | 1 | 0 | |a Religijňij faktor u miždunarodňich vidnosinach |c M. M. Palinčak, Rudolf Kucharčík, D. M. Steblak |
| 520 | |a Úloha náboženského faktora v medzinárodných vzťahoch. Charakteristiky vplyvu cirkvi a náboženstva na politiku a vzťahy krajín v rôznych častiach sveta. Návrat náboženstva ku globálnej politike. Moslimský faktor v medzinárodných vzťahoch a ďalšie. | ||
| 610 | 2 | 0 | |a politika medzinárodná |
| 610 | 2 | 0 | |a vzťahy medzinárodné |
| 610 | 2 | 0 | |a náboženstvo |
| 610 | 2 | 0 | |a kresťanstvo |
| 610 | 2 | 0 | |a moslimovia |
| 610 | 2 | 0 | |a islam |
| 610 | 2 | 0 | |a globalizácia |
| 100 | 1 | |a Palinčak, M. M. | |
| 700 | 1 | |a Kucharčík, Rudolf, 1977- | |
| 700 | 1 | |a Steblak, D. M. | |